000 005530000a22001930004500
001 002486
003 MACL
005 20150919123632.0
008 150919b xxu||||| |||| 00| 0 eng d
040 _aMACL
_cMACL
041 _aEnglish
082 _a825/RAN
100 _aRanganathananda, Swami
_9873
245 _aSecond USA & Canada Lecture Tour of Swami Ranganathananda
_b1 ed.
_cSwami Ranganathananda
260 _aCalcutta
_c2005
_bAdvaita Ashrama(Publication Department),
350 _a100
650 _aLiterature
_911963
942 _k825
_cBK
_2ddc
999 _c14397
_d14397